| 000 | 00723nam a2200253 4500 | ||
|---|---|---|---|
| 003 | OSt | ||
| 005 | 20260530113903.0 | ||
| 008 | 260508b1973 |||a|||| |||| 00| 0 eng d | ||
| 040 |
_aICI _bspa _cICI |
||
| 041 | _aspa | ||
| 050 |
_aQP303 _bH66 |
||
| 100 | 1 |
_aHopper, Bernard J. _932530 |
|
| 245 | 1 | 0 |
_aThe Mechanics of Human Movement _bB J Hopper |
| 260 |
_aLondon _bCrosby Lockwood Staples _c1973 |
||
| 264 | 1 |
_bCrosby Staples Lockwood London _c1973 |
|
| 300 | _a175 páginas | ||
| 336 |
_atexto _2rdacontent |
||
| 337 |
_asin medio _2rdamedia |
||
| 338 |
_avolumen _2rdacarrier |
||
| 490 | _aSeries on physical education | ||
| 650 |
_aHuman mechanics. _932531 |
||
| 650 |
_aBiomechanics. _932532 |
||
| 942 |
_2lcc _cBK _n1 |
||
| 999 |
_c11858 _d11858 |
||